00248nam a22000977a 450000500170000000800410001702000090005804000080006724500420007526000330011720201120092715.0201120b ||||| |||| 00| 0 eng d a2435 cCML aThe Signs of Civilisation.bHogben L. aLondonbRathbone Booksc1959